Statystyki dla Najlepsze miasta do pracy za granicą

Kliknij tutaj aby rozwiązać quiz!

Ogólne statystyki

  • Ten quiz został rozwiązany 12 035 razy
  • Średni wynik to 15 z 30

Statystyki odpowiedzi

%Miasto% Poprawnych
4,6Berlin
95%
16,0Londyn
89%
8,9Paryż
87%
5,0Madryt
83%
12,2Nowy Jork
78%
3,5Rzym
77%
2,1Oslo
72%
2,5Amsterdam
65%
4,4Barcelona
65%
2,4Sztokholm
65%
2,8Tokio
64%
3,2Los Angeles
60%
1,5Lizbona
56%
1,7Bruksela
55%
2,5Wiedeń
54%
1,6Kopenhaga
53%
2,8Monachium
52%
1,9Dublin
50%
5,2Sydney
43%
4,2Toronto
32%
2,2Zurych
29%
2,4San Francisco
28%
3,4Dubaj
26%
2,6Miami
26%
3,9Singapur
23%
1,7Melbourne
19%
1,5Genewa
18%
2,1Montreal
13%
2,1Vancouver
12%
1,7Santiago
4%

Rozkład punktacji

Percentyl według liczby udzielonych odpowiedzi

Procent ludzi z każdym wynikiem

Twoja historia wyników

Nie rozwiązałeś tego quizu